00545nam a2200169Ia 4500003000400000008004100004040001600045082001900061100003500080245005600115260005500171300001000226490005400236650001900290650003000309650003600339GCL140319s9999 xx 000 0 ara d aGCL / cGCL04aطb796bا م1 aامين انور الخولى10aالملاكمة / cامين انور الخولى a[S.N] : bدار الفكر العربى ، c1991 a32 ص aالمعرفة الرياضية للبراعمv004aالاطفال04aتعليم الاطفال04aالالعاب الرياضية